000 00825cam a2200289 4500500
005 20260405000248.0
041 _afre
042 _adc
100 1 0 _aGuillot, Apolline
_eauthor
245 0 0 _a“Le modèle de la hâte met en concurrence la transmission et le travail”
260 _c2023.
500 _a69
690 _aAgilité
690 _aChangement
690 _aCompétences
690 _aCulture d’entreprise
690 _aEfficacité
690 _aEnvironnement de travail
690 _aFormation
690 _aManagement
690 _aOrganisation
690 _aProductivité
690 _aStress
690 _aTravail
786 0 _nPhilonomist | - | 8 | 2023-08-23 | p. 34-42
856 4 1 _uhttps://shs.cairn.info/magazine-philonomist-2023-8-page-34?lang=fr&redirect-ssocas=7080
999 _c2035276
_d2035276